000 00501nam a22001812 4500
001 0000008761
005 20151217160116.0
008 080529s xx 000 0 eng d
020 _a0333057112 :
_cKES 221.25
040 _aKABU
_cKABU
100 1 _aGreen, Margery.
_@0000159462
245 1 0 _aWonder tales from Greece /
_cMargery Green.
260 _aLondon :
_bMacmillan,
_c1961.
300 _a104 p.
908 _a080529
950 _@1
999 _c14399
_d14399